000 00951nam a2200241 a 4500
001 000032663
005 20250621074008.0
008 110725s1928 xxu r 000 0 spa d
040 _aDO-SdBNP
_bspa
_cBNPHU
082 _a972.9305
_bK69a
100 1 _aKnight, Melvin Moses,
_d1887-
_958546
245 1 4 _aThe americans in Santo Domingo /
_cMelvin M. Knight.
260 _aNew York, :
_bVanguard Press,
_c1928.
300 _a189 p. ;
_c20 cm.
490 1 _aStudies in American Imperialism
590 _aInventariado, 2019/BT
651 0 _aRepública Dominicana --
_xHistoria --
_yOcupación norteamericana, 1916-1924
_91926
651 4 _aRepública Dominicana
_xRelaciones Exteriores
_zEstados Unidos
_96308
651 4 _aEstados Unidos
_xRelaciones Exteriores
_zRepública Dominicana
_96309
651 0 _aRepública Dominicana
_xPolítica y gobierno
_945
830 0 _aStudies in American Imperialism
_958547
910 _aValidado. Control de calidad MFF
999 _c32154
_d32154